000 01189nam a22002297a 4500
999 _c60830
_d60830
005 20231027161127.0
008 231027s2022 enk||||| |||| 00| 0 geo d
020 _a9789941332203
041 _ageo
080 _a634.8(479.22)+582.2(479.22) W-68
245 _aWild grapevine in Georgia :
_bMultidisciplinary Comparative Research to Unravel the Mystery of its Domestication /
_cEditors: David Maghradze, Osvaldo Failla; Design by Bochorishvili.
264 _aTbilisi :
_bUniversal,
_c2022.
300 _a384 p. :
_b ill. ;
_c 30 cm.
521 _aწიგნი გამოიცა პროექტის „საქართველოს ველური ვაზის შესწავლა და დაცვა“ ფარგლებში.
522 _aბიბლიოგრაფია: გვ. 14-16.
653 _aვაზის ველური ჯიშები
653 _aმევენახეობა
700 _aMaghradze, David
_eრედაქტორი
_920256
700 _aFailla, Osvaldo
_eრედაქტორი
_920257
700 _aBochorishvili,
_eდიზაინერი.
_920258
942 _2udc
_cᲬᲘᲒᲜᲘ